| 000 | 00828nam a2200253 a 4500 | ||
|---|---|---|---|
| 999 |
_c10021 _d10021 |
||
| 001 | 10021 | ||
| 003 | BD - JhCC | ||
| 005 | 20180404124921.0 | ||
| 008 | 180404s1968 enkae b 000 0 eng d | ||
| 035 |
_aOCLC ocm00339698 from D960723M _a(BD - JhCC)10021 |
||
| 040 |
_aDLC _cDLC _dUKM _dEQO _dBD - JhCC |
||
| 041 | _aeng | ||
| 050 | 0 |
_aNA645 _b.P376 1968b |
|
| 082 |
_a724 _bPEV 1968 |
||
| 100 | 1 |
_aPevsner, Nikolaus, _d1902-1983. |
|
| 245 | 1 | 4 |
_aThe sources of modern architecture and design / _cNikolaus Pevsner |
| 260 |
_aLondon : _bThames & Hudson, _c1968. |
||
| 300 |
_a216 p. : _bill. (incl. 15 col.), plans ; _c22 cm |
||
| 504 | _aBibliography: p. 214 | ||
| 650 | 0 |
_aArchitecture, Modern _y19th century _xHistory |
|
| 650 | 0 |
_aArchitecture, Modern _y20th century _xHistory _vSources |
|
| 942 |
_2ddc _cREF |
||